Michael Jackson - Dangerous (Tracks) - Statistics

General Stats
  • This quiz has been taken 52 times
  • The average score is 9 of 14
Answer Stats
Track Number Track Name % Correct
14 Dangerous
90%
8 Black or White
80%
1 Jam
80%
7 Heal the World
70%
9 Who Is It
70%
3 In the Closet
68%
5 Remember the Time
68%
4 She Drives Me Wild
65%
10 Give In to Me
63%
2 Why You Wanna Trip on Me
55%
12 Keep the Faith
50%
11 Will You Be There
48%
13 Gone Too Soon
43%
6 Can't Let Her Get Away
40%
No matching quizzes found
Score Distribution
Percent of People with Each Score
Percentile by Number Answered
Your Score History
You have not taken this quiz